| 000 | 00357nam a22001457a 4500 | ||
|---|---|---|---|
| 020 | _a9788121927765 | ||
| 082 |
_a519.5 _bARO/CO |
||
| 100 |
_aArora, P.N _91363 |
||
| 100 |
_aSumeet Arora _91364 |
||
| 100 |
_aArora, S _91365 |
||
| 245 | _aComprehensive Statistical Methods | ||
| 250 | _a3rd rev ed. | ||
| 260 |
_aNew Delhi _bS.Chand &Co _c2010 |
||
| 942 | _cBBS | ||
| 999 |
_c13810 _d13810 |
||